000 00496nam a2200157 a 4500
001 000038834
005 20201002031404.0
008 130426s1994 dr a 000 0 spa d
040 _aDO-SdBNP
_bspa
_cBNPHU
100 1 _aCardenas, César
_934500
245 1 3 _aEl seguro y la empresa :
_bmanual práctico de seguros /
_cCésar Cardenas.
246 1 0 _aManual práctico de seguros
260 _aSanto Domingo :
_bAlfa y Omega,
_c1994.
300 _a173 p. ;
_c29 cm.
504 _aBibliografía : p. 173
999 _c38324
_d38324